000 00772cab a2200253 4500
001 ABS53173
008 090401t1995 xxu||||| |||| 00| 0 eng d
035 _a(Sirsi) u2522
041 _aeng
100 _aWood, G.
245 4 _aThe influence of contract on construction
260 _c1995
350 _a0
490 _aCivil Engineering Surveyor
_v20(6) July/August 1995, 9-10(2)
520 _aQuestions the wisdom of using formal contracts and looks at how partnering could be fostered.
650 _aBUILT ENVIRONMENT-BUILDING CONTRACT FORMS
650 _aCONSENSUS AD IDEM
650 _aFUTURE
650 _aSTANDARD FORMS OF CONTRACT
650 _aTENDERING
690 _aBUILT ENVIRONMENT-BUILDING CONTRACT FORMS
942 _n0
948 _c04/03/1997
999 _c1517
_d1517